|
|
|
|
| LEADER |
00000naa2a2200000 4500 |
| 001 |
431154 |
| 005 |
20231101075331.0 |
| 035 |
|
|
|a (RuTPU)RU\TPU\prd\91241
|
| 035 |
|
|
|a RU\TPU\tpu\13002
|
| 090 |
|
|
|a 431154
|
| 100 |
|
|
|a 20101129a1985 k y0rusy50 ca
|
| 101 |
0 |
|
|a rus
|
| 102 |
|
|
|a RU
|
| 200 |
1 |
|
|a Тормозное излучение релятивистских частиц с учётом динамической поляризуемости атома-мишени
|f М. Я. Амусья [и др.]
|
| 461 |
|
0 |
|0 (RuTPU)RU\TPU\prd\1443
|x 0044-4510
|t Журнал экспериментальной и теоретической физики
|l ЖЭТФ
|f Академия наук СССР (АН СССР)
|d 1931-
|
| 463 |
|
0 |
|0 (RuTPU)RU\TPU\prd\91236
|t Т. 88, вып. 2
|v с. 383-389
|d 1985
|
| 610 |
1 |
|
|a атомы-мишени
|
| 610 |
1 |
|
|a динамическая поляризуемость
|
| 610 |
1 |
|
|a релятивистские частицы
|
| 610 |
1 |
|
|a тормозное излучение
|
| 610 |
1 |
|
|a труды учёных ТПУ
|
| 701 |
|
1 |
|a Амусья
|b М. Я.
|
| 701 |
|
1 |
|a Кучнов
|b М. Ю.
|
| 701 |
|
1 |
|a Король
|b А. С.
|
| 701 |
|
1 |
|a Соловьев
|b А. В.
|
| 801 |
|
1 |
|a RU
|b 63413507
|c 20060828
|g PSBO
|
| 801 |
|
2 |
|a RU
|b 63413507
|c 20101129
|g PSBO
|
| 942 |
|
|
|c BK
|